000 00496nam a2200193 4500
003 OSt
005 20260530115322.0
008 260520b |||||||| |||| 00| 0 spa d
040 _aICI
_bspa
_cICI
_erda
050 _aHE3360
_b.P35
100 _aCOMFERSA
_eautor
_934645
245 _aPaisajes desde el tren
264 _aEspaña
_bCOMFERSA
_c1998
300 _a82 páginas
336 _2rdacontent
_atexto
337 _2rdamedia
_asin medio
338 _2rdacarrier
_avolumen
942 _2lcc
_n1
_cBK
999 _c13845
_d13845